Vývojové tendence spotřebního průmyslu ve světě

Na minha lista:
Detalhes bibliográficos
Autor principal: Šrobárová, Věra
Formato: Livro
Idioma:tcheco
Publicado em: Praha Ústředí vědeckých, technických a ekonomických informací 1989
Tags: Adicionar Tag
Sem tags, seja o primeiro a adicionar uma tag!

MARC

LEADER 00000nam a2200000 4500
001 c031852
005 20250917082543.5
041 0 |a cze 
044 |a CZ 
245 1 0 |a Vývojové tendence spotřebního průmyslu ve světě  |c Věra Šrobárová 
264 1 |a Praha  |b Ústředí vědeckých, technických a ekonomických informací  |c 1989 
300 |a 138 s. 
100 1 |a Šrobárová, Věra